000
00294nam a2200109Ia 4500
008
220204s9999 xx 000 0 und d
082
_a
291.214
_b
VAI
100
_a
VAIDYANATHAN, K R
245
0
_a
Sri Krishna: The lord of Guruvayaur
260
_a
Bombay
_b
Bharatiya Vidyabhavan
_c
1974
942
_c
BK
999
_c
38621
_d
38621